History Quiz

Random History or Nation Quiz

Costliest Atlantic Hurricanes Quiz Stats

 Plays Quiz Retired Jun 23, 2021

     
Support Sporcle.
Go Orange.
Score 0/20 Timer 05:00
1 Play Today
Year / Affected Areas Hurricane % Correct
2005 (LA/MS/AL/SE FL)Hurricane Katrina
97.2%
1992 (SE FL/SE LA)Hurricane Andrew
66.9%
2012 (East Coast)Hurricane Sandy
64.5%
2017 (TX/LA)Hurricane Harvey
60%
2017 (FL)Hurricane Irma
43.6%
2011 (Mid-Atlantic & NE US)Hurricane Irene
36.8%
1989 (SC)Hurricane Hugo
33.9%
2016 (Southeast)Hurricane Matthew
31.4%
1996 (NC)Hurricane Fran
29.4%
2005 (LA/TX)Hurricane Rita
28.2%
Year / Affected Areas Hurricane % Correct
2004 (FL/AL)Hurricane Ivan
26.6%
2008 (TX/LA/MS)Hurricane Ike
24.8%
1999 (NC)Hurricane Floyd
22.7%
2003 (Mid-Atlantic)Hurricane Isabel
22.1%
2004 (FL)Hurricane Charley
19.6%
2008 (LA)Hurricane Gustav
19.3%
2005 (FL)Hurricane Wilma
19.1%
2004 (FL)Hurricane Frances
10%
2001 (TX/LA)Tropical Storm Allison
7.8%
2004 (FL)Hurricane Jeanne
7.6%

From the Vault

Song by Opening Lyrics (1980s)

by stanvick

Music 20m
If Billy Joel had sung all of these songs, the world would be a very different place.
Remove Ads.
Support Sporcle.
Get the best of Sporcle when you Go Orange. This ad-free experience offers more features, more stats, and more fun while also helping to support Sporcle. Thank you for becoming a member.

Show Comments

Extras

Top Quizzes Today


Score Distribution

Your Account Isn't Verified!

In order to create a playlist on Sporcle, you need to verify the email address you used during registration. Go to your Sporcle Settings to finish the process.

Report this User

Report this user for behavior that violates our Community Guidelines.

Details: